[Event "Kerch Panticapaeum Rapid op"]
[Site "Kerch"]
[Date "2021.09.22"]
[Round "6"]
[White "Ivanov, Ivan1111"]
[Black "Tolstobrov, Artem"]
[Result "1-0"]
[WhiteElo "2008"]
[BlackElo "1338"]
[PlyCount "41"]
[EventDate "2021.09.21"]
[EventType "swiss (rapid)"]
[EventRounds "9"]
[EventCountry "RUS"]
[SourceTitle "CBM 204 Extra"]
[Source "ChessBase"]
[SourceDate "2021.11.30"]
[SourceVersion "1"]
[SourceVersionDate "2021.11.30"]
[SourceQuality "1"]

1. Nf3 g6 2. d4 Bg7 3. c4 c5 4. e3 cxd4 5. Nxd4 Nf6 6. Nc3 0-0 7. Be2 Nc6 8. 0-0 d6 9. a3 a5 10. Bf3 Ne5 11. Be2 Nc6 12. b3 Bd7 13. Bb2 Nxd4 14. exd4 Bc6 15. Bf3 Qb6 16. d5 Bd7 17. a4 e5 18. dxe6 Bxe6 19. Nb5 Rfd8 20. Bd4 Qa6 21. Nc7 1-0

[Event "Kerch Panticapaeum Cup"]
[Site "Kerch"]
[Date "2021.09.16"]
[Round "5"]
[White "Tolstobrov, Artem"]
[Black "Todorov, Aleksandr"]
[Result "1-0"]
[WhiteElo "1338"]
[BlackElo "1814"]
[PlyCount "141"]
[EventDate "2021.09.12"]
[EventType "swiss"]
[EventRounds "9"]
[EventCountry "RUS"]
[SourceTitle "CBM 204 Extra"]
[Source "ChessBase"]
[SourceDate "2021.11.30"]
[SourceVersion "1"]
[SourceVersionDate "2021.11.30"]
[SourceQuality "1"]

1. e4 c6 2. Nf3 d5 3. d3 d4 4. Be2 e5 5. 0-0 Bd6 6. c3 c5 7. Ne1 Qc7 8. g3 Ne7 9. Na3 Qd7 10. f4 Nbc6 11. f5 Ng8 12. g4 Be7 13. Nf3 h6 14. Nc4 f6 15. h3 b5 16. Ncd2 Bb7 17. Nh4 Bd6 18. Ng6 Rh7 19. Qb3 Nce7 20. Nxe7 Nxe7 21. Nf3 a5 22. Bd2 a4 23. Qc2 Kf7 24. Kf2 Rc8 25. c4 Ba6 26. b3 Rhh8 27. Rg1 Rcg8 28. h4 g5 29. fxg6+ Nxg6 30. g5 hxg5 31. hxg5 f5 32. exf5 Qxf5 33. Raf1 Ke7 34. Ke1 Qd7 35. Rh1 b4 36. Bc1 a3 37. Nd2 Bb7 38. Bf3 Rf8 39. Bxb7 Qxb7 40. Ne4 Nf4 41. Rxh8 Rxh8 42. Bxf4 exf4 43. Qe2 Kd7 44. Qg4+ Kc6 45. Qe6 Qe7 46. Qxd6+ Qxd6 47. Nxd6 Kxd6 48. Rxf4 Re8+ 49. Kd2 Re3 50. Rg4 Ke7 51. g6 Kf8 52. g7+ Kg8 53. Rg5 Rh3 54. Rg2 Rh1 55. Ke2 Ra1 56. Kf3 Re1 57. Re2 Rxe2 58. Kxe2 Kxg7 59. Kf3 Kf6 60. Kf4 Kg6 61. Ke4 Kg5 62. Kd5 Kf4 63. Kxc5 Ke3 64. Kxb4 Kxd3 65. c5 Ke3 66. c6 d3 67. c7 d2 68. c8Q d1Q 69. Qc5+ Ke2 70. Qh5+ Kd2 71. Qxd1+ 1-0